| 000 | 00350 a2200157 4500 | ||
|---|---|---|---|
| 001 | 47864 | ||
| 020 | _a9788574064789 | ||
| 040 | _cAnchieta - Aquarius | ||
| 100 | _aParnell, Fran | ||
| 240 | 1 | 0 |
_aO livro dos monstros _lpor |
| 245 | 1 | 0 | _aO livro dos monstros |
| 300 | _a63 | ||
| 362 | 0 | _a2011 | |
| 650 | 4 | _aLiteratura infanto-juvenil | |
| 942 | _cBK | ||
| 999 |
_c47864 _d47864 |
||